RURAL DEVELOPMENT (Record no. 25235)

MARC details
000 -LEADER
fixed length control field 00325nam a22001337a 4500
003 - CONTROL NUMBER IDENTIFIER
control field SGT
020 ## - INTERNATIONAL STANDARD BOOK NUMBER
International Standard Book Number 9788172113490
082 ## - DEWEY DECIMAL CLASSIFICATION NUMBER
Classification number 307.1412
Item number KAR
100 ## - MAIN ENTRY--PERSONAL NAME
Personal name KARMAKAR , K G
245 ## - TITLE STATEMENT
Title RURAL DEVELOPMENT
Remainder of title CONCEPT AND STRATEGIES FOR INDIA
260 ## - PUBLICATION, DISTRIBUTION, ETC. (IMPRINT)
Place of publication, distribution, etc NEW DELHI
Name of publisher, distributor, etc NORTHERN BOOKS
Year of Publication 2015
300 ## - PAGE DESCRIPTION
No. of Pages 405
942 ## - ADDED ENTRY ELEMENTS (KOHA)
Source of classification or shelving scheme Dewey Decimal Classification
Koha item type Books
Holdings
Withdrawn status Lost status Source of classification or shelving scheme Damaged status Not for loan Collection code Home library Current library Shelving location Date acquired Cost, normal purchase price SGTU Total Checkouts Full call number Accession No. (Barcode) Date last seen Bill Date Koha item type
    Dewey Decimal Classification     LAW SGT Science & Social Sciences Library SGT Science & Social Sciences Library Text Book 06/11/2023 1200.00 SGTU   307.1412 KAR FL3166 06/11/2023 06/11/2023 Books